| 000 | 01501camaa2200373 i 4500 | ||
|---|---|---|---|
| 999 |
_c200446075 _d64287 |
||
| 001 | 200446075 | ||
| 003 | TR-AnTOB | ||
| 005 | 20240810073811.0 | ||
| 007 | ta | ||
| 008 | 010529s2001 tu d b 000 0 tur d | ||
| 020 | _a9751927145 | ||
| 035 | _a(TR-AnTOB)200446075 | ||
| 040 |
_aBGZ _beng _erda _cBGZ _dTR-AnTOB |
||
| 041 | 0 | _atur | |
| 050 | 4 |
_aHD9466.T92 _bS8 2001 |
|
| 090 |
_aHD9466.T92 _bS8 2001 |
||
| 245 | 0 | 0 |
_aSu ürünleri ve su ürünleri sanayii : _bÖzel ihtisas komisyonu raporu / _cDPT. |
| 246 | 1 | 5 | _aSekizinci beş yıllık kalkınma planı Özel ihtisas komisyonu raporu : Su ürünleri ve su ürünleri sanayii |
| 264 | 1 |
_aAnkara : _bDevlet Planlama Teşkilatı, _c2001. |
|
| 300 |
_axii, 142 pages : _btables ; _c27 cm |
||
| 336 |
_atext _btxt _2rdacontent |
||
| 337 |
_aunmediated _bn _2rdamedia |
||
| 338 |
_avolume _bnc _2rdacarrier |
||
| 490 | 0 |
_aSekizinci beş yıllık kalkınma planı ; _vyayın no :DPT. 2575-ÖİK.588. |
|
| 500 | _aAt head of title :Sekizinci beş yıllık kalkınma planı | ||
| 504 | _aBIB | ||
| 650 | 7 |
_aBalık Ürünleri _zTürkiye _2etuturkob _990806 |
|
| 650 | 7 |
_aBalıkçılık _zTürkiye _2etuturkob _944402 |
|
| 710 | 2 |
_aDevlet Planlama Teşkilatı (Türkiye) _934114 |
|
| 856 | 4 | 1 |
_3Online access link to the resource _uhttps://www.sbb.gov.tr/wp-content/uploads/2022/08/Sekizinci-Bes-Yillik-Kalkinma-Plani-Su-Urunleri-ve-Su-Urunleri-Sanayii-OIK-Raporu.pdf |
| 942 |
_2lcc _cBK |
||